000 00676nam a2200229Ia 4500
003 OSt
005 20220926015905.0
006 a|||||r|||| 00| 0
007 ta
008 220923b |||||||| |||| 00| 0 eng d
037 _cGeneral Book
040 _aRTL
_cRTL
_beng
041 _2eng
_aeng
082 _aX:87.73.N7, M0
100 _aTashakori Maryam
_9127708
245 0 _aManagement succession
_b From the owner founder to
260 _aNew York
_bPraeger U. S. A.
_c1980
300 _a126p. Bibliography p.119-26
_ccm.
650 _aExecutive Management
942 _hX:87.73.N7, M0
_cGB
_2CC
999 _c632753
_d632753